000 01098nam2a2200289 4500
001 RU\NLR\bibl\221267
005 20250619104216.0
010 _a5-300-02949-1
021 _aRU
_b2001-26914
_91286
035 _a(NLR Aleph) 000217333
090 _a1262593
_c1262593
100 _a20020104d2001 |||y0rusy50 ca
101 1 _arus
_cger
102 _aRU
105 _ay |||||||||
200 1 _aНастанет день
_eРоман
_f[Пер. с нем. В. Станевич, С. Маркиша
_gПримеч. С. Маркиша]
210 _d2001
_aБ. м.
215 _a396,[2] с.
461 0 _1001RU\NLR\bibl\180590
_12001#$aСобрание сочинений$vТ. 7
_91022757
_aФейхтвангер, Л. (1884-1958)
_cМ.
_d2001
_fЛион Фейхтвангер
_nТерра-Кн. клуб
_oВ 20 т.
_tСобрание сочинений
_y5-300-02339-6
_vТ. 7
675 _a82/89
_v3
_zrus
686 _a84(4Г)
_2rubbk
801 0 _aRU
_bRKP
_c20020104
_gPSBO
801 1 _aRU
_bRKP
_c20020104
801 2 _aRU
_bNLR
_c20020911
_grcr
942 _cBOOK
980 _aNB